Pen & brush lettering : a book of alphabets

Bibliographic Details
Other Authors: Booth, Stuart# . Douet, John# . Meijer, M.
Format: Book
Published: London : Studio Vista , 1993
Subjects:

MARC

LEADER 00000cam a2200000 7i4500
001 0000006348
002 000006855
005 20000330.0
020 |a 0289800994 
090 0 0 |a 745.61   |b PEN 
245 0 0 |a Pen & brush lettering :   |b a book of alphabets   |c edited by Stuart Booth 
260 |a London :   |b Studio Vista ,   |c 1993 
300 |a 112p. ;   |c 24cm. 
650 0 0 |a Lettering   |x Roman capitals (Lettering) 
700 0 |a Booth, Stuart# .  |a Douet, John# .  |a Meijer, M. 
999 |a 037970   |b BUKU   |c RUJUKAN   |e PERPUSTAKAAN KOMUNITI PETALING JAYA